Randomized Homophones Quiz - Statistics

General Stats
  • This quiz has been taken 3,518 times
  • The average score is 10 of 15
Answer Stats
Homophone Answer % Correct
Dessert Desert
99%
Steal Steel
99%
Hole Whole
97%
Piece Peace
96%
Which Witch
96%
Dew Due
95%
Flower Flour
95%
Weak Week
95%
Hangar Hanger
94%
Red Read
94%
Wine Whine
94%
Ate Eight
93%
Heal Heel
93%
Mail Male
93%
Pail Pale
93%
Rhodes Roads
93%
Heart Hart
92%
Led Lead
92%
Wait Weight
92%
But Butt
91%
Greater Grater
91%
Read Reed
91%
Some Sum
91%
Bored Board
90%
Claws Clause
90%
Hear Here
90%
Him Hymn
90%
Would Wood
90%
Night Knight
89%
Leak Leek
89%
Paws Pause
89%
Weather Whether
89%
Brayed Braid
88%
Billed Build
88%
Feet Feat
88%
Principal Principle
88%
Wry Rye
88%
Slay Sleigh
88%
Facts Fax
87%
Genes Jeans
87%
Stairs Stares
87%
Boos Booze
86%
Course Coarse
86%
Flew Flu
86%
Groan Grown
86%
Lane Lain
86%
Loan Lone
86%
Thrown Throne
86%
Affect Effect
85%
Guessed Guest
85%
Horse Hoarse
85%
Light Lite
85%
Links Lynx
85%
Faze Phase
85%
Censor Sensor
85%
Wails Whales
85%
Bass Base
84%
Bolder Boulder
84%
Click Clique
84%
Forth Fourth
84%
Maze Maize
84%
Naval Navel
84%
Thai Tie
84%
Browse Brows
83%
Flees Fleas
83%
Lamb Lam
83%
Hoes Hose
82%
Complement Compliment
81%
Cellar Seller
81%
Axle Axel
80%
Cue Queue
80%
We Wee
80%
Gate Gait
78%
Grays Graze
78%
Needed Kneaded
78%
Overseas Oversees
78%
Ceiling Sealing
78%
Sear Seer
78%
Council Counsel
77%
Band Banned
76%
Capital Capitol
76%
Incite Insight
76%
Koi Coy
75%
Ode Owed
75%
Plum Plumb
75%
Root Route
75%
Cash Cache
74%
Higher Hire
74%
Muscle Mussel
74%
Purr Per
74%
Profit Prophet
74%
Teaming Teeming
74%
Lay Lei
73%
Marry Merry
73%
Edition Addition
72%
Sign Sine
72%
Rung Wrung
72%
Born Borne
71%
Cords Chords
71%
Faint Feint
71%
Hairy Harry
71%
Colonel Kernel
71%
Lesson Lessen
71%
Worst Wurst
71%
Prize Prys
70%
Yolk Yoke
70%
Fishing Phishing
69%
Tick Tic
69%
Symbol Cymbal
68%
Dough Doe
68%
Mowed Mode
68%
Cited Sighted
68%
Tune Toon
68%
Wield Wheeled
68%
Berry Bury
67%
Hurts Hertz
67%
Birth Berth
66%
Duel Dual
66%
Quarts Quartz
66%
Side Sighed
66%
Bell Belle
64%
Bus Buss
64%
Packed Pact
64%
Muse Mews
63%
Barred Bard
62%
Aerial Ariel
61%
Ball Bawl
61%
Wig Whig
61%
Graft Graphed
60%
Moose Mousse
60%
Current Currant
58%
Your Yore
58%
Bold Bowled
57%
Jam Jamb
57%
Perish Parish
57%
Raid Rayed
57%
Raised Razed
57%
Walk Wok
56%
Ward Warred
55%
Phrase Frays
54%
Gibe Jibe
52%
Fuse Fews
50%
Coral Choral
49%
Freeze Frieze
49%
Discrete Discreet
47%
Forward Foreword
47%
Awed Odd
47%
Beer Bier
45%
Cedar Seeder
45%
Wither Whither
45%
Humorous Humerus
44%
Skull Scull
44%
Sword Soared
44%
Loo Lieu
43%
Pedal Peddle
42%
Laid Lade
41%
Marshal Martial
41%
Gamble Gambol
39%
Bowed Bode
37%
Mark Marque
36%
Indict Indite
34%
Awk Auk
33%
Jewel Joule
33%
Elude Allude
32%
Descendant Descendent
32%
Matter Madder
32%
Bowl Boll
30%
Chic Sheikh
30%
Augur Auger
26%
Divisor Deviser
26%
Fate Fete
25%
Bomb Balm
24%
Lice Lyse
23%
Mucus Mucous
22%
Word Whirred
22%
Basil Basal
19%
Carol Carrel
17%
Analyst Annalist
13%
Accessory Accessary
11%
Sued Pseud
6%
Traitorous Traitoress
2%
No matching quizzes found
Score Distribution
Percent of People with Each Score
Percentile by Number Answered
Your Score History
You have not taken this quiz